000 01288nam2a2200265 4500
001 RU\NLR\ONL2\2880
005 20250613124745.0
010 _a5-295-03223-X
_93600
035 _a(NLR Aleph) 009650481
090 _a9572685
_c9572685
100 _a20050113d2003 |||y0rusy50 ca
101 0 _abak
102 _aRU
105 _ac |||||||||
200 0 _a1-се кит.
210 _d2003
_aБ. м.
215 _a254,[1] б.
_cпортр.
461 0 _1001RU\NLR\ONL2\2879
_12001#$aМэгрифэтсе могэллимдэр, куренекле уkытыусылар hэм мэгариф эшмэкэрзэре$eТарихи-пед. очерктар hэм hурэтлэмэлэр$fК.Я.Яйыkбаев$v1-се кит.
_1700#1$aЯйыkбаев$bК. Я.$gКамил Яkшыгилде улы$4070
_99572684
_aЯйыkбаев, К. Я.
_cОфо
_d2003
_fК.Я.Яйыkбаев
_nКитап
_oТарихи-пед. очерктар hэм hурэтлэмэлэр
_tМэгрифэтсе могэллимдэр, куренекле уkытыусылар hэм мэгариф эшмэкэрзэре
_v1-се кит.
801 0 _aRU
_bNLR
_c20050113
_gPSBO
852 _aNLR
_bОНЛ
_jБашк./3-4705
942 _cBOOK
980 _aNB
980 _aONL_RF